| Tag |
First Indicator |
Second Indicator |
Subfields |
| LEADER |
00000cam a2200000Ma 4500 |
| 001 |
in00003554949 |
| 006 |
m o d |
| 007 |
cr nn||||||||| |
| 008 |
121227s1985 ne o 000 0 eng d |
| 005 |
20260420212311.7 |
| 020 |
|
|
|a 9789401093637 (electronic bk.)
|
| 020 |
|
|
|a 9401093636 (electronic bk.)
|
| 035 |
|
|
|a (OCoLC)840308235
|
| 040 |
|
|
|a I9W
|b eng
|e pn
|c I9W
|d OCLCQ
|d UV0
|d OCLCO
|d GW5XE
|d OCLCF
|d UtOrBLW
|
| 049 |
|
|
|a TXAM
|
| 050 |
|
4 |
|a R108
|
| 082 |
0 |
4 |
|a 610.724
|2 23
|
| 100 |
1 |
|
|a Pal, S. B.
|
| 245 |
1 |
0 |
|a Handbook of Laboratory Health and Safety Measures /
|c edited by S.B. Pal.
|
| 264 |
|
1 |
|a Dordrecht :
|b Springer Netherlands,
|c 1985.
|
| 300 |
|
|
|a 1 online resource (408 pages)
|
| 336 |
|
|
|a text
|b txt
|2 rdacontent
|
| 337 |
|
|
|a computer
|b c
|2 rdamedia
|
| 338 |
|
|
|a online resource
|b cr
|2 rdacarrier
|
| 500 |
|
|
|a Electronic resource.
|
| 650 |
|
0 |
|a Medicine.
|
| 650 |
|
0 |
|a Medical laboratories.
|
| 650 |
|
7 |
|a Medical laboratories.
|2 fast
|0 (OCoLC)fst01014264
|
| 650 |
|
7 |
|a Medicine.
|2 fast
|0 (OCoLC)fst01014893
|
| 655 |
|
7 |
|a Electronic books.
|2 local
|
| 710 |
2 |
|
|a SpringerLink (Online service)
|
| 856 |
4 |
0 |
|u http://proxy.library.tamu.edu/login?url=https://link.springer.com/10.1007/978-94-010-9363-7
|z Connect to the full text of this electronic book
|t 0
|
| 994 |
|
|
|a 92
|b TXA
|
| 999 |
|
|
|a MARS
|
| 999 |
f |
f |
|s 888c6585-97e5-31af-9d9b-8874490a785a
|i 417b553e-4f66-3ee4-984b-751605a5f330
|t 0
|
| 952 |
f |
f |
|a Texas A&M University
|b College Station
|c Electronic Resources
|s www_evans
|d Available Online
|t 0
|e R108
|h Library of Congress classification
|
| 998 |
f |
f |
|a R108
|t 0
|l Available Online
|